JR西日本の特急停車駅 - Statistics

General Stats
  • This quiz has been taken 32 times
    18 since last reset
  • The average score is 129 of 159
Answer Stats
Answer % Correct
京都
100%
加古川
100%
姫路
100%
上郡
100%
園部
100%
福知山
100%
城崎温泉
100%
鳥取
100%
山口
100%
西舞鶴
100%
東舞鶴
100%
米原
92%
彦根
92%
近江八幡
92%
野洲
92%
草津
92%
南草津
92%
大津
92%
山科
92%
高槻
92%
新大阪
92%
大阪
92%
尼崎
92%
三ノ宮
92%
明石
92%
西明石
92%
岡山
92%
倉敷
92%
長浜
92%
敦賀
92%
近江今津
92%
羽咋
92%
七尾
92%
和倉温泉
92%
富山
92%
猪谷
92%
亀岡
92%
豊岡
92%
浜坂
92%
鳥取大学前
92%
倉吉
92%
米子
92%
松江
92%
出雲市
92%
浜田
92%
益田
92%
新山口
92%
新三田
92%
佐用
92%
新見
92%
天王寺
92%
奈良
92%
日根野
92%
和歌山
92%
海南
92%
御坊
92%
新宮
92%
関西空港
92%
守山
85%
神戸
85%
網干
85%
堅田
85%
金沢
85%
二条
85%
綾部
85%
和田山
85%
伯耆大山
85%
安来
85%
宍道
85%
大田市
85%
江津
85%
宝塚
85%
西宮名塩
85%
三田
85%
谷川
85%
柏原
85%
智頭
85%
総社
85%
久宝寺
85%
王寺
85%
湯浅
85%
紀伊田辺
85%
白浜
85%
串本
85%
紀伊勝浦
85%
石山
77%
津幡
77%
越中八尾
77%
香住
77%
玉造温泉
77%
津和野
77%
篠山口
77%
寺前
77%
郡家
77%
備中高梁
77%
児島
77%
八尾
77%
法隆寺
77%
郡山
77%
和泉府中
77%
和泉砂川
77%
大久保
69%
英賀保
69%
速星
69%
八鹿
69%
江原
69%
湯田温泉
69%
福崎
69%
大原
69%
根雨
69%
大和小泉
69%
箕島
69%
周参見
69%
太地
69%
手柄山平和公園
62%
はりま勝原
62%
川西池田
62%
中山寺
62%
相野
62%
藤並
62%
古座
62%
西出雲
54%
三保三隅
54%
黒井
54%
竹田
54%
生山
54%
南部
54%
高松
46%
日吉
46%
日原
46%
良川
38%
岩美
38%
温泉津
38%
竹野
31%
仁万
31%
徳佐
31%
生野
31%
波子
23%
三谷
23%
No matching quizzes found
Score Distribution
Percent of People with Each Score
Percentile by Number Answered
Your Score History
You have not taken this quiz since the last reset